Регионална библиотека "Любен Каравелов" - Русе

Правоохранителни органи (Запис номер 66670)

MARC детайли
000 -Лидер
Контролно поле с фиксирана дължина 01617nam a2200337 c 4500
003 - Код на организацията, давaща контролен номер
Контролно поле BLK
005 - Дата и час на последна редакция
Контролно поле 20180420223448.0
008 - Елементи от данни с фиксирана дължина
fixed length control field 180408b bul|||||r ||||||| ||bul||
010 ## - Наследен системен номер
LC control number KNG00070969000
020 ## - Международен стандартен номер на книга ISBN
Международен стандартен номер на книга ISBN 954-9416-03-8
-- издат.: Инст. за висша квалификация и образование - ИВКО
040 ## - Източник на каталожния запис
Идентификатор на билиотеката - собственик на записа BLK
041 ## - Код за език
Код за езика на текст/звукозапис или на отделно заглавие Български
Код за езика КДБФ Български
080 ## - УДК
Текстов определител УДК Съдоустройство. Организация на съдилищата - съдебен език, компетенция на съдилищата, видове съдълища:Конституционен, върховен, апелационен, касационен, от първа и втора инстанция, окръжен, гр
УДК код - определител по УДК 347.97/.99
УДК определител (47)(075.8)
УДК - код + определител 347.97/.99(47)(075.8)
100 1# - Редна дума - Автор
Автор Петков, Румен Вълов
Авторска отговорност първи автор
R(LIN) 293066
139 ## - Редно поле
Редна дума Петков, Румен Вълов
Авторски знак Петко - П 44
245 10 - Сведения за заглавието
Заглавие Правоохранителни органи
Редно поле (дума) Румен Вълов Петков.
257 ## - Страна на издаване
Страна на създаване/издаване България
260 ## - Област на издателските данни
-- София
Име на издателя, разпространителя и проч. Инст. за висша квалификация и образование - ИВКО
Година на издаване 2005
300 ## - Физическа характеристика
Страници 126 с.
Илюстрации и др. с табл., сх.
Размери/Мащаб 24 см
380 ## - Жанр
Жанр Обществени науки
500 ## - Общи забележки
Забележка Авт. не е отбелязан на кор.
650 #4 - Допълнително описание по предмет – тема
Основно описание – тема или топоним Съд и съдоустройство - Русия
9 (RLIN) 280467
653 ## - Ключова дума – ненормативна
Ключова дума съд
653 ## - Ключова дума – ненормативна
Ключова дума Русия
653 ## - Ключова дума – ненормативна
Ключова дума учебници за ВУЗ
852 ## - Местоположение
Форматна сигнатура Цб 230989
856 4# - Електронен адрес и достъп
Електронен формат pdf - файл
Път до файла /url/
856 4# - Електронен адрес и достъп
Електронен формат pdf - файл
Път до файла /url/
942 ## - АРТИКУЛИ
Вид на библиотечния материал Книги
Скрит в OPAC Не
944 ## - СЪЗДАВАНЕ И РЕДАКЦИЯ на ЗАПИСА
Създаване/Редакция Създаване
Дата на регистрацията/редакция 30.01.2007
Служител, извършил регистрацията/редакцията Цветанка_Енчева
944 ## - СЪЗДАВАНЕ И РЕДАКЦИЯ на ЗАПИСА
Създаване/Редакция Редакция
Дата на регистрацията/редакция 05.02.2007
Служител, извършил регистрацията/редакцията
999 ## - СИСТЕМНИ КОНТРОЛНИ НОМЕРА
Koha biblionumber 66670
Koha biblioitemnumber 66670
Наличности
Код за отписване Код за изгубен артикул Код за повреда Коз за рестрикции Код за отдаване Артикулен № Име на библиотеката - собственик Име на библиотеката, в която се намира в момента Статус (Текущо местоположение) Дата на вписване в системата Местоположение - отдел Цена в лева Инвентарен номер Систематично азбучна сигнатура Баркод Номер на екземпляра Цена в евро Служебна бележка Служебен тип на артикула
  Не е изгубен Не е повреден без рестрикции ползва се в читалня 110479 Регионална библиотека "Любен Каравелов" Русе Регионална библиотека "Любен Каравелов" Русе Хранилище 2007-01-31 Хранилище 0.00 120000709036 Цб 230989 120000709036 1 0.00 Дост: Dp Вид: Д N: 9 Дата: 08.02.2006 Книги
Vip Innovations Ltd, Rousse, Bulgaria 2025